الحرب والسلام : (Record no. 14938)
[ view plain ]
| 000 -الفاتح | |
|---|---|
| حقل البيانات ثابتة الطول | 00823nam a22001817a 4500 |
| 008 - عناصر البيانات ثابتة الطول - معلومات عامة | |
| حقل البيانات ثابتة الطول | 110122s1994 ua|||||r|||| 000 0 ara d |
| 020 ## - الرقم الدولى المعيارى للكتب | |
| الرقم الدولى المعيارى للكتاب | 9972390639 |
| 082 ## - رقم تصنيف ديوى العشرى | |
| رقم التصنيف | 355.009569 |
| رقم المادة | ه و ي |
| 100 ## - المدخل الرئيسى - إسم شخصى | |
| 9 (RLIN) | 22122 |
| الإسم الشخصى | هويدي ، أمين |
| 245 ## - بيان العنوان | |
| العنوان | الحرب والسلام : |
| بقية العنوان | في الفكر الاستراتيجي الاسرائيلي / |
| بيان المسئوليه,etc | أمين هويدي |
| 260 ## - PUBLICATION, DISTRIBUTION, ETC. (IMPRINT) | |
| مكان الناشر او الموزع | القاهرة : |
| اسم الناشر او الموزع | دار المستقبل العربي ، 1994 |
| تاريخ النشر أو التوزيع | 1994 |
| 300 ## - الوصف المادى | |
| التعداد | 64 ص ؛ |
| تفاصيل ماديه اخرى للوعاء | 16 سم |
| 490 ## - بيان السلسلة | |
| -- | 22123 |
| عنوان السلسلة | كتاب المستقبل |
| 541 ## - تبصرة المصدر المباشر للتزويد | |
| مصدر التزويد | د. باسم أحمد ؛ |
| طريقة التزويد | إهداء ؛ |
| 651 ## - المدخل الاضافى بالموضوع - اسم جغرافى | |
| 9 (RLIN) | 14836 |
| الاسم الجغرافي | إسرائيل |
| التقسيم الفرعي العام | السياسة العسكرية |
| 942 ## - عناصر المدخل الإضافي( كوها) | |
| مصدر التصنيف او مخطط الترفيف | Dewey Decimal Classification |
| Koha [default] item type | Book - Borrowing |
| حالة التراجع | حالة الفقد | مصدر التصنيف او خطة الترفيف | حالة تلف | ليس للاعارة | مجموعات كوها | المكان الدائم | المكان الحالي | موقع الترفيف | تاريخ الاكتساب | Source of acquisition | رقم الاستدعاء | الباركود | Date last seen | نوع الوعاء |
|---|---|---|---|---|---|---|---|---|---|---|---|---|---|---|
| Dewey Decimal Classification | Central Library | Central Library | First floor | 22/01/2011 | Donation | 355.009569 ه و ي | 000022793 | 15/07/2025 | Book - Borrowing |